<?xml version="1.0" encoding="UTF-8"?>
<marc:record xmlns:marc="http://www.loc.gov/MARC21/slim">
   <marc:leader>00000nam a2200000 a 4500</marc:leader>
   <marc:datafield ind1="1" ind2=" " tag="100">
      <marc:subfield code="a">Dafoe, Willem</marc:subfield>
   </marc:datafield>
   <marc:datafield ind1="1" ind2=" " tag="100">
      <marc:subfield code="a">Close, Glenn</marc:subfield>
   </marc:datafield>
   <marc:datafield ind1="1" ind2=" " tag="100">
      <marc:subfield code="a">Rapace, Noomi</marc:subfield>
   </marc:datafield>
   <marc:datafield ind1="1" ind2=" " tag="100">
      <marc:subfield code="a">Wirkola, Tommy</marc:subfield>
   </marc:datafield>
   <marc:datafield ind1="0" ind2="0" tag="245">
      <marc:subfield code="a">What happened to Monday?</marc:subfield>
   </marc:datafield>
   <marc:datafield ind1="0" ind2="0" tag="245">
      <marc:subfield code="b">sieben Schwestern, eine Identität</marc:subfield>
   </marc:datafield>
   <marc:datafield ind1=" " ind2="1" tag="264">
      <marc:subfield code="b">Splendid Film</marc:subfield>
      <marc:subfield code="c">2018</marc:subfield>
   </marc:datafield>
   <marc:datafield ind1="1" ind2=" " tag="520">
      <marc:subfield code="a">In naher Zukunft zwingen Überbevölkerung und Hunger die globale Regierung zu einer drastischen Ein-Kind-Politik. Daher treiben die sieben Settman-Schwestern seit ihrer Geburt ein gefährliches Versteckspiel mit dem Kinder-Zuteilungsbüro: Jede von ihnen darf nur an einem Tag der Woche in die Öffentlichkeit - um die gemeinsame Identität der Karen Settman zu verkörpern. Für die anderen sechs wird ihr Zuhause zum Gefängnis. Der Plan funktioniert und stellt das Überleben der jungen Frauen sicher. Bis eine der Schwestern eines Tages nicht nach Hause kommt ...</marc:subfield>
   </marc:datafield>
   <marc:datafield ind1="3" ind2=" " tag="024">
      <marc:subfield code="a">4013549093613</marc:subfield>
   </marc:datafield>
   <marc:datafield ind1=" " ind2=" " tag="500">
      <marc:subfield code="a">Ab 16 Jahren</marc:subfield>
   </marc:datafield>
   <marc:datafield ind1="0" ind2=" " tag="490">
      <marc:subfield code="v">0</marc:subfield>
   </marc:datafield>
   <marc:datafield ind1=" " ind2=" " tag="300">
      <marc:subfield code="a">120 Min.</marc:subfield>
   </marc:datafield>
</marc:record>
